| 000 | 00448nam a2200157 a 4500 | ||
|---|---|---|---|
| 005 | 20140412111310.0 | ||
| 008 | 010503s19uu xx 00 eng d | ||
| 020 | _a0-590-448-48-X | ||
| 050 |
_aTR(PS E _bOv2 1971 |
||
| 245 |
_aOver the meadow / _cillustrated by Ezra Jack Keats. |
||
| 260 |
_aNew York : _bScholastic Inc, _c1971. |
||
| 300 | _a1v. (unp.) ; ill. | ||
| 500 | _aA Blue Ribbon Book | ||
| 650 | _aChildren's stories | ||
| 999 |
_c103935 _d103935 |
||